Países del Pacto de Varsovia - Estadísticas

Estadísticas generales
  • Esta prueba ha sido intentada 1.600 veces
  • La puntuación promedio es 6 de 8
Estadísticas de respuestas
País % Correcto
Unión Soviética
96%
Polonia
95%
Hungría
80%
Rumania
79%
Bulgaria
74%
Checoslovaquia
68%
Albania
59%
Alemania Oriental
52%
No se encontraron pruebas coincidentes
Distribución de puntuación
Porcentaje de gente con cada puntuación
Porcentaje por número respondido
Historial de tus puntuaciones
No has intentado esta prueba.